Resursy chozraščetnogo predprijatija Mechanizm upravlenija

Gespeichert in:
Bibliographische Detailangaben
1. Verfasser: Tatarkin, Aleksandr Ivanovič
Format: Buch
Sprache:Russisch
Veröffentlicht: Moskva Ekonomika 1989
Ausgabe:1. izd.
Tags: Tag hinzufügen
Keine Tags, Fügen Sie das erste Tag hinzu!

MARC

LEADER 00000nam a2200000 4500
001 c034787
005 20221215135902.1
041 0 |a rus 
044 |a RU 
245 1 0 |a Resursy chozraščetnogo predprijatija  |b Mechanizm upravlenija  |c Aleksandr Ivanovič Tatarkin 
250 |a 1. izd. 
264 1 |a Moskva  |b Ekonomika  |c 1989 
300 |a 94 s. 
100 1 |a Tatarkin, Aleksandr Ivanovič